Champions du monde de Formule 1 - mort subite - Statistiques

Statistiques générales
  • Ce quiz a été pris 2 068 fois
    247 depuis la dernière actualisation
  • Le résultat moyen est 8 sur 15
Answers on the Grid
Answers color-coded by a green-red scale on the quiz's grid according to % correct below.
Lewis Hamilton
Felipe Massa
Bruce McLaren
Ayrton Senna
Gilles Villeneuve
Mika Häkkinen
Carlos Reutemann
Denny Hulme
Charles Leclerc
Ralf Schumacher
Rubens Barrichello
Graham Hill
Daniel Ricciardo
Stirling Moss
Valtteri Bottas
Alain Prost
Jim Clark
John Surtees
Jacky Ickx
Fernando Alonso
Sergio Pérez
Jochen Rindt
Jean Behra
James Hunt
Juan Manuel Fangio
Jacques Laffite
Michael Schumacher
Nelson Piquet
Wolfgang von Trips
Damon Hill
 
Statistiques - réponses
Réponse % Correct
Lewis Hamilton
99%
Ayrton Senna
79%
Alain Prost
62%
Michael Schumacher
56%
Mika Häkkinen
55%
Fernando Alonso
52%
Nelson Piquet
48%
Graham Hill
45%
Juan Manuel Fangio
45%
Damon Hill
42%
Jim Clark
40%
James Hunt
37%
Denny Hulme
35%
John Surtees
31%
Jochen Rindt
28%
Aucun quiz correspondant
Distribution des résultats
% des personnes avec chaque résultat
Percentile par nombre de réponses
Votre historique - résultats
Vous n’avez pas pris ce quiz depuis la dernière actualisation